000 00619cam a22001934a 4500
005 20250605164033.0
008 250528s ||||||||||||||||||||||||d
035 _a16708
020 _a521044227
040 _aGR-AtMCL
_bgre
_dGR-AtMCL
_eAACR2
245 1 _aEurope Finds the World / Cambridge Introduction to the History of Makind; Book 5
260 _bCambridge University Press,
_c1973
300 _a96
520 _aMedieval Contacts with the Far East, The First Overseas Empire, The New World, Competition for Colonies.
700 1 _aCairns Trevor
_92796
942 _cBK
999 _c2181
_d2181